| 000 | 00433cam a2200145u 4500 | ||
|---|---|---|---|
| 082 |
_a674.2 _bHUD _cL-24, P-8 |
||
| 100 | 1 |
_aHudson, H. R. [from old catalog] _945092 |
|
| 245 | 0 | 0 | _aWoodworking machinery, |
| 260 |
_aLondon, _bG. Newnes limited _c[1946] |
||
| 300 |
_a147 p. _billus., diagrs. _c23 cm. |
||
| 526 |
_a0 _b0 _c0 _d674_200000000000000_HUD |
||
| 650 | 0 |
_aMCE _9379 |
|
| 650 | 0 |
_aWoodworking machinery. _945093 |
|
| 942 |
_2ddc _cBK |
||
| 999 |
_c548691 _d548691 |
||